| 000 | 00386nam a22001697a 4500 | ||
|---|---|---|---|
| 003 | SGT | ||
| 020 | _a9789391208844 | ||
| 082 |
_a616.2 _bR23C |
||
| 100 | _aCHOUBE, ATUL | ||
| 245 | _aTB. OF RESPIRATORY MEDICINE | ||
| 250 | _a1ST | ||
| 260 |
_aINDIA _bINNOVATIVE PUB _c2023 |
||
| 300 | _a469 | ||
| 650 | _aPULMONARY MEDICINE | ||
| 653 | _aRESPIRATORY MEDICINE | ||
| 942 |
_2ddc _cBK |
||
| 999 |
_c33403 _d33403 |
||